000 00669cam a22002293a 4500
001 33915
003 PGUSA
005 20140828083731.0
008 101019s2010||||xxu|||||s|||||000 | eng d
040 _aPGUSA
_beng
042 _adc
050 4 _aQH
100 1 _aBaker, Rollin H.
_q(Rollin Harold),
_d1916-2007
245 1 0 _aMammals taken Along the Alaska Highway
_h[electronic resource] /
_cRollin H. Baker
260 _bProject Gutenberg,
_c2010
506 _aPublic domain in the USA.
516 _aElectronic text
653 _aMammals -- North America
830 0 _aProject Gutenberg
_v33915
856 4 0 _uhttp://www.gutenberg.org/ebooks/33915
942 _cEB
999 _c263170
_d263170